Henry and Mudge in the green time : (Record no. 3289)

MARC details
000 -LEADER
fixed length control field 01093cam a22003017a 4500
005 - DATE AND TIME OF LATEST TRANSACTION
control field 20240625150843.0
020 ## - INTERNATIONAL STANDARD BOOK NUMBER
International Standard Book Number 9780689810015
040 ## - CATALOGING SOURCE
Original cataloging agency DLC
Transcribing agency DLC
Modifying agency DLC
Language of cataloging eng
050 00 - LIBRARY OF CONGRESS CALL NUMBER
Classification number PZ7.R982
082 ## - DEWEY DECIMAL CLASSIFICATION NUMBER
Classification number 813.6
100 1# - MAIN ENTRY--PERSONAL NAME
Personal name Rylant, Cynthia
245 10 - TITLE STATEMENT
Title Henry and Mudge in the green time :
Remainder of title the third book of their adventures /
Statement of responsibility, etc. story by Rylant, Cynthia ; pictures by Stevenson, Suçie
250 ## - EDITION STATEMENT
Edition statement First Aladdin Paperbacks Edition , 1992
260 ## - PUBLICATION, DISTRIBUTION, ETC.
Place of publication, distribution, etc. New York :
Name of publisher, distributor, etc. Simon & Schuster, Inc,
Date of publication, distribution, etc. 1987
300 ## - PHYSICAL DESCRIPTION
Extent 48 pages :
Other physical details color illustrations ;
Dimensions 23 cm.
490 0# - SERIES STATEMENT
Series statement Ready-to-read.
Volume/sequential designation Level 2
490 0# - SERIES STATEMENT
Series statement Henry and Mudge
505 ## - FORMATTED CONTENTS NOTE
Formatted contents note J <br/>
520 ## - SUMMARY, ETC.
Summary, etc. For Henry and his big dog Mudge, summer means going on a picnic in the park, taking a bath under the garden hose, and going to the top of the big green hill.
521 ## - TARGET AUDIENCE NOTE
Target audience note 480 <br/>
Source Lexile <br/>
521 ## - TARGET AUDIENCE NOTE
Target audience note J <br/>
Source Raz-Plus <br/>
650 #1 - SUBJECT ADDED ENTRY--TOPICAL TERM
Topical term or geographic name entry element Dogs
Form subdivision Fiction
650 #1 - SUBJECT ADDED ENTRY--TOPICAL TERM
Topical term or geographic name entry element Summer
Form subdivision Fiction
700 1# - ADDED ENTRY--PERSONAL NAME
Personal name Stevenson, Suçie
Relator term illustrator
906 ## - LOCAL DATA ELEMENT F, LDF (RLIN)
a 7
b cbc
c origcop
d 2
e ncip
f 20
g y-gencatlg
942 ## - ADDED ENTRY ELEMENTS (KOHA)
Source of classification or shelving scheme Dewey Decimal Classification
Koha item type Books
Suppress in OPAC No
999 ## -
-- 3289
-- 3289
Holdings
Withdrawn status Lost status Source of classification or shelving scheme Damaged status Not for loan Collection Home library Current library Shelving location Date acquired Total Checkouts Full call number Barcode Date last seen Copy number Price effective from Koha item type Date last checked out
    Dewey Decimal Classification     Juvenile Fiction Footprints International School Library Network Toul Kork Campus Footprints International School Library Network Toul Kork Campus   02/23/2024   RYA 813.6 PZ7.R982 FIS03236 02/23/2024 1 02/23/2024 Books  
    Dewey Decimal Classification     Juvenile Fiction Footprints International School Library Network Toul Kork Campus Footprints International School Library Network Toul Kork Campus TK Primary Library Room(4th Floor), Bookcase 1&2, Shelves 1-16, Dark Blue Books 06/25/2024 1 RYA 813.6 PZ7.R982 FISTK01191 03/14/2025 2 06/25/2024 Books 12/09/2024